[Event "1/128 Finale"]
[Site "www.chess-mail.com"]
[Date "2015.07.20"]
[Round "1"]
[White "Attatroll"]
[Black "Culiflori"]
[WhiteElo "1870"]
[BlackElo "999"]
[Result "0-1"]
[Round "1"]
1.e4 e5
2.Ng1f3 Nb8c6
3.d4 exd4
4.Bf1c4 Bf8e7
5.c3 dxc3
6.Qd1b3 Nc6a5
7.Bc4xf7 Kf8
8.Qb3d5 c6
9.Qd5f5 d5
10.Bf7e6 Ng8f6
11.Nf3g5 Na5c4
12.Nb1xc3 Nc4d6
13.Qf5f3 h6
14.e5 hxg5
15.exf6 gxf6
16.Be6xc8 Ra8xc8
17.Bc1xg5 f5
18.Bg5xe7 Qd8xe7
19.Qf3e2 Rc8e8
20.Qe2xe7 Re8xe7
21.Kd2 Nd6e4
22.Nc3xe4 dxe4
23.h3 Rh8g8
24.g3 Kf7
25.Ra1c1 Rg8d8
26.Ke2 Rd8d3
27.h4 Kf6
28.h5 Re7h7
29.Rc1c5 Kg5
30.a3 Rd3b3
31.Rc5c2 Rh7xh5
32.Rh1xh5 Kxh5
33.Kf1 Kg4
34.Kg2 a5
35.Rc2d2 a4
36.Rd2c2 b5
37.Rc2d2 c5
38.Rd2c2 c4
39.Rc2d2 Rb3d3
40.Rd2c2 e3
41.f3 Kg5
42.Kf1 Rd3d1
43.Ke2 Rd1g1
44.Kxe3 Rg1xg3
45.Kf2 f4
46.Rc2d2 Rg3h3
47.Rd2d5 Kh4
48.Rd5xb5 Rh3h2
49.Kg1 Rh2d2
50.Rb5b8 Kg3
51.Rb8g8 Kxf3
52.Rg8b8 Ke3
53.Rb8e8 Kd3
54.Re8d8 Kc2
55.Rd8f8 Kxb2
56.Rf8xf4 Rd2c2
57.Kf1 Kxa3
58.Ke1 Kb3
59.Kd1 a3
60.Rf4f3 Rc2c3
61.Rf3f8 a2
62.Rf8b8 Ka3
63.Rb8a8 Kb2
64.Ra8b8 Rc3b3
{ resign }
0-1

[Event "1/2 Finale"]
[Site "www.chess-mail.com"]
[Date "2015.07.20"]
[Round "1"]
[White "Conde7"]
[Black "Cobraxx7"]
[WhiteElo "2850"]
[BlackElo "2740"]
[Result "1-0"]
[Round "1"]
1.e4 c5
2.Ng1f3 a6
3.Nb1c3 d6
4.d4 cxd4
5.Nf3xd4 Ng8f6
6.Bc1e3 e5
7.Nd4b3 Bc8e6
8.f3 Nb8d7
9.Qd1d2 Bf8e7
10.O-O-O b5
11.g4 h6
12.h4 Nd7b6
13.Qd2f2 Nf6d7
14.Kb1  { time }
1-0

[Event "1/8 Finale"]
[Site "www.chess-mail.com"]
[Date "2015.07.20"]
[Round "1"]
[White "Hwj"]
[Black "Pgcbies"]
[WhiteElo "2790"]
[BlackElo "2680"]
[Result "1/2-1/2"]
[Round "1"]
1.e4 e5
2.Ng1f3 Nb8c6
3.Bf1b5 a6
4.Bb5a4 Ng8f6
5.O-O b5
6.Ba4b3 Bf8e7
7.d4 d6
8.c3 O-O
9.Rf1e1 Bc8g4
10.Bc1e3 exd4
11.cxd4 Nc6a5
12.Bb3c2 c5
13.h3 Bg4h5
14.Nb1d2 cxd4
15.Be3xd4 Na5c6
16.Bd4e3 d5
17.Qd1b1 dxe4
18.Nd2xe4 Bh5xf3
19.gxf3 Nf6d5
20.Re1d1 Nc6e5
21.Ne4g3 Ne5xf3
22.Kh1 g6
23.Bc2e4 Qd8c8
{ draw }
1/2-1/2

[Event "Eq:CONFOEDERATIONIS HELVETICAE-Slap Shot Mates : "]
[Site "www.chess-mail.com"]
[Date "2015.07.20"]
[Round "1"]
[White "Witpar"]
[Black "Agmac"]
[WhiteElo "2660"]
[BlackElo "2630"]
[Result "0-1"]
[Round "1"]
1.d4 Ng8f6
2.c4 e6
3.Ng1f3 d5
4.g3 c6
5.Bf1g2 Bf8d6
6.O-O Nb8d7
7.Nb1c3 dxc4
8.Bc1g5 O-O
9.Qd1c2 Bd6e7
10.Rf1d1 Nf6d5
11.h4 h6
12.Bg5xe7 Qd8xe7
13.a4 a5
14.Nf3d2 Nd5b4
15.Qc2e4 f5
16.Qe4b1 Nd7b6
17.Nd2f3 Bc8d7
18.Nf3e5 Bd7e8
19.e3 Be8h5
20.Rd1c1 Ra8d8
21.Nc3a2 f4
22.Na2xb4 fxg3
23.fxg3 Qe7xb4
24.Qb1c2 Qb4d6
25.Rc1f1 c5
26.Rf1xf8 Rd8xf8
27.Qc2e4 cxd4
28.Qe4xd4 Qd6xd4
29.exd4 Rf8d8
30.Kf2 Rd8xd4
31.Ke3 Rd4d1
32.Ra1xd1 Bh5xd1
33.Bg2xb7 Bd1xa4
34.Kd4 Kf8
35.Bb7a6 Ba4b3
36.Ba6xc4 Nb6xc4
37.Ne5xc4 a4
38.Nc4d6 Ke7
39.Nd6e4 Bb3c2
40.Ne4c5 Kd6
41.Nc5b7 Kc6
42.Nb7d8 Kb5
43.Nd8xe6 Kb4
44.Ne6c5 h5
45.Kd5 Bc2b3
46.Kd4 Bb3d1
47.Kd5 Bd1e2
48.Kd4 Be2b5
49.Kd5 g6
50.Kd6 Kc4
51.Nc5e6 Kd3
52.Kc5 Bb5d7
53.Ne6f4 Kc2
54.Kb4 Kxb2
55.Nf4d3 Kc2
56.Nd3e5 Bd7f5
57.Kxa4 Kd2
58.Kb4 Ke3
59.Kc5 Kf2
60.Kd4 Kxg3
61.Ke3 g5
62.hxg5 h4
63.Ne5f3 h3
64.Nf3d2 Kg2
65.Nd2f3 Bf5g4
66.Nf3e1 Kf1
67.Ne1d3 h2
68.Nd3f2 Bg4h5
69.Nf2h1 Kg2
70.Nh1f2 Bh5g6
71.Ke2 Bg6f7
72.Ke1 Bf7h5
{ resign }
0-1

[Event "Eq:CONFOEDERATIONIS HELVETICAE-Slap Shot Mates : "]
[Site "www.chess-mail.com"]
[Date "2015.07.20"]
[Round "1"]
[White "Conde7"]
[Black "Sebolix"]
[WhiteElo "2700"]
[BlackElo "2670"]
[Result "1-0"]
[Round "1"]
1.e4 e6
2.d3 d5
3.Ng1f3 dxe4
4.dxe4 Qd8xd1
5.Kxd1 Nb8c6
6.Bf1d3 Ng8f6
7.h3 Nf6d7
8.Bd3b5 Nc6e7
9.Bc1f4 c6
10.Bb5c4 Ne7g6
11.Bf4e3 b5
12.Bc4d3 Bf8c5
13.Ke2 Bc5xe3
14.Kxe3 Nd7c5
15.Nb1d2 Bc8d7
16.b4 Nc5a4
17.h4 f6
18.Rh1c1 e5
19.g3 Ng6e7
20.c4 a5
21.a3 O-O
22.Bd3e2 Rf8b8
23.Nd2b3 axb4
24.axb4 bxc4
25.Be2xc4 Kf8
26.Nf3e1 Na4b6
27.Bc4e2 Ra8xa1
28.Rc1xa1 Rb8a8
29.Ra1a5 Ra8b8
30.Nb3c5 Bd7e8
31.Ne1c2 Be8f7
32.Kd2 Ke8
33.Kc3 Nb6a8
34.Nc2e3 Na8b6
35.h5 Nb6d7
36.Ne3c4 Nd7xc5
37.bxc5 Kf8
38.Ra5a7 Bf7xc4
39.Be2xc4 Ke8
40.Kd3 Kf8
41.Bc4e6 Ke8
42.f4 exf4
43.gxf4 Rb8d8
44.Ke3 Rd8b8
45.h6 gxh6
46.f5 Kf8
47.e5 fxe5
48.Ke4 Ne7xf5
49.Be6xf5 Rb8b5
50.Kxe5 Rb5xc5
51.Kf6 { resign }
1-0

[Event "Eq:Team USA-Slap Shot Mates : "]
[Site "www.chess-mail.com"]
[Date "2015.07.20"]
[Round "1"]
[White "Uji40"]
[Black "Leswamp"]
[WhiteElo "1790"]
[BlackElo "2430"]
[Result "1-0"]
[Round "1"]
1.e4 c5
2.Ng1f3 e6
3.d4 cxd4
4.Nf3xd4 Nb8c6
5.Nd4xc6 bxc6
6.Bf1c4 Ng8f6
7.e5 Qd8a5
8.c3 Qa5xe5
9.Qd1e2 Qe5xe2
10.Bc4xe2 Bf8c5
11.O-O a5
12.a4 Bc8a6
13.Be2xa6 Ra8xa6
14.Bc1e3 Bc5e7
15.Nb1d2 Nf6d5
16.Be3d4 f6
17.Rf1e1 c5
18.c4 Nd5b4
19.Bd4c3 Nb4c2
20.b3 Kf7
21.Ra1d1 Nc2xe1
22.Rd1xe1 Rh8b8
23.f4 d5
24.Kf2 d4
25.Bc3b2 Be7d6
26.Kf3 e5
27.fxe5 fxe5
28.Ke4 Ke6
29.Kd3 Ra6a7
30.Kc2 Ra7f7
31.Nd2e4 h6
32.Bb2a3 Rb8c8
33.Ba3c1 Kd7
34.Re1d1 Kc6
35.Kd3 Rc8b8
36.Bc1d2 Rb8xb3
37.Ke2 Rb3a3
38.Bd2xa5 Ra3e3
39.Kd2 Re3xe4
40.Kd3  { time }
1-0

[Event "Eq:Equipo Juan Diaz-Helvetica B : "]
[Site "www.chess-mail.com"]
[Date "2015.07.20"]
[Round "1"]
[White "E4player"]
[Black "Ecijaajedrez"]
[WhiteElo "2410"]
[BlackElo "2590"]
[Result "1-0"]
[Round "1"]
1.e4 c5
2.Nb1c3 Nb8c6
3.Ng1e2 d6
4.d4 cxd4
5.Ne2xd4 Ng8f6
6.Bf1e2 e6
7.a3 a6
8.O-O Bf8e7
9.f4 Qd8c7
10.Bc1e3 O-O
11.Qd1e1 Nc6xd4
12.Be3xd4 b5
13.Qe1g3 Bc8b7
14.Ra1d1 Bb7c6
15.Be2f3 Ra8c8
16.Kh1 Qc7b7
17.Rf1e1 Rf8d8
18.Nc3d5 Nf6e8
19.c3 Be7f8
20.Nd5b4 Bf8e7
21.Nb4xc6 Qb7xc6
22.Re1e3 Qc6c7
23.Re3d3 Ne8f6
24.h4 Qc7c4
25.Rd3d2 a5
26.Rd2f2 b4
27.axb4 axb4
28.e5 dxe5
29.fxe5 Nf6d7
30.Bf3e2 Qc4c7
31.Rf2f3 bxc3
32.Bd4xc3 Qc7c6
33.Rd1d4 Nd7c5
34.Rd4g4 Be7f8
35.h5 Qc6e8
36.b4 Nc5b3
37.Qg3f4 Rc8c7
38.b5 Rd8c8
39.Bc3b4 Nb3c5
{ time. }
1-0

[Event "Eq:BEAC Hungary-CONFOEDERATIONIS HELVETICAE : "]
[Site "www.chess-mail.com"]
[Date "2015.07.20"]
[Round "1"]
[White "Stevefillion"]
[Black "Agmac"]
[WhiteElo "2330"]
[BlackElo "2580"]
[Result "0-1"]
[Round "1"]
1.e4 e5
2.Ng1f3 Nb8c6
3.Bf1b5 a6
4.Bb5a4 Ng8f6
5.d4 exd4
6.O-O Bf8e7
7.Rf1e1 b5
8.Ba4b3 d6
9.Bb3d5 Nf6xd5
10.exd5 Nc6e5
11.Nf3xd4 O-O
12.a4 Bc8g4
13.Qd1d2 Bg4d7
14.Nb1c3 b4
15.Nc3e2 Qd8b8
16.b3 Qb8b7
17.c4 bxc3
18.Ne2xc3 Rf8e8
19.Bc1a3 Ne5g6
20.Ra1b1 h6
21.h3 Be7f6
22.Re1d1 Ng6e7
23.Nd4e2 Bd7f5
24.Rb1b2 Bf6e5
25.b4 Bf5d7
26.Rb2b3 c5
27.f4 c4
28.Rb3b1 Be5f6
29.Nc3e4 Bd7xa4
30.Ne4xf6 gxf6
31.Ne2g3 c3
32.Qd2xc3 Ba4xd1
33.Rb1xd1 Ne7xd5
34.Qc3f3 Re8e3
35.Qf3g4 Kh8
36.Qg4h4 Re3e2
37.Ng3xe2 Nd5e3
38.Qh4xf6 Kg8
39.Kf2 Qb7xg2
40.Kxe3 Ra8e8
41.Kd4 Qg2e4
42.Kc3 Re8c8
43.Kb2 Qe4xe2
44.Ka1 Qe2xd1
45.Ka2 Qd1a4
{ resign }
0-1

[Event "Eq:BEAC Hungary-CONFOEDERATIONIS HELVETICAE : "]
[Site "www.chess-mail.com"]
[Date "2015.07.20"]
[Round "1"]
[White "Agmac"]
[Black "Stevefillion"]
[WhiteElo "2580"]
[BlackElo "2330"]
[Result "1-0"]
[Round "1"]
1.e4 c5
2.Ng1f3 e6
3.d4 cxd4
4.Nf3xd4 Nb8c6
5.Nb1c3 Qd8c7
6.f4 a6
7.Bf1e2 Nc6xd4
8.Qd1xd4 b5
9.Bc1e3 Bc8b7
10.O-O Ra8c8
11.Ra1d1 Ng8f6
12.e5 Nf6d5
13.Nc3xd5 Bb7xd5
14.c3 Bf8c5
15.Qd4xc5 Qc7xc5
16.Be3xc5 Rc8xc5
17.Rd1d4 Ke7
18.Rf1d1 Rc5c7
19.a3 f6
20.exf6 gxf6
21.f5 Rh8g8
22.g3 Rg8g5
23.fxe6 dxe6
24.Rd1d2 Rg5e5
25.Rd4h4 Bd5e4
26.Be2f3 Be4g6
27.Kf2 Rc7d7
28.Rd2xd7 Kxd7
29.Rh4d4 Kc7
30.b4 Re5f5
31.g4 Rf5e5
32.Rd4f4 f5
33.g5 Bg6e8
34.h4 Be8c6
35.Bf3xc6 Kxc6
36.h5 Re5d5
37.Rf4d4 Rd5e5
38.g6 hxg6
39.hxg6 f4
40.Rd4d1 { resign }
1-0

[Event "Eq:CONFOEDERATIONIS HELVETICAE-Angels of Checkmate : "]
[Site "www.chess-mail.com"]
[Date "2015.07.20"]
[Round "1"]
[White "Neverless"]
[Black "Gallows"]
[WhiteElo "2690"]
[BlackElo "2450"]
[Result "1-0"]
[Round "1"]
1.e4 c6
2.d4 d5
3.Nb1c3 dxe4
4.Nc3xe4 Bc8f5
5.Ne4g3 Bf5g6
6.h4 h6
7.Ng1f3 Nb8d7
8.h5 Bg6h7
9.Bf1d3 Bh7xd3
10.Qd1xd3 Ng8f6
11.Bc1f4 Qd8a5
12.Bf4d2 Qa5c7
13.O-O-O e6
14.Ng3e4 Nf6xe4
15.Qd3xe4 Nd7f6
16.Qe4e2 O-O-O
17.g3 Kb8
18.c4 Ka8
19.Kb1 Bf8d6
20.Nf3e5 Rh8e8
21.g4 Nf6h7
22.Bd2c3 Re8e7
23.f4 Qc7b8
24.Rh1g1 f6
25.Ne5d3 Rd8d7
26.Rd1e1 Qb8e8
27.Rg1g2 Qe8g8
28.b3 Qg8e8
29.Kb2 Qe8f7
30.Re1f1 Qf7e8
31.Qe2c2 Nh7f8
32.Rf1e1 Kb8
33.Qc2e2 Nf8h7
34.Qe2f3 Ka8
35.Bc3a5 Nh7f8
36.Rg2e2 Qe8c8
37.Nd3f2 Bd6c7
38.Ba5b4 Bc7d6
39.Bb4c3 c5
40.d5 exd5
41.cxd5 Re7xe2
42.Re1xe2 Bd6b8
43.Nf2d1 Bb8c7
44.Nd1e3 Qc8b8
45.g5 a6
46.Ne3c4 Qb8d8
47.Re2e4 f5
48.Re4e3 Ka7
49.Qf3e2 Qd8b8
50.Bc3xg7 Bc7xf4
51.Re3e8 Rd7d8
52.Re8xd8 Qb8xd8
53.Qe2f2 Bf4c1
54.Kc2 Nf8d7
55.gxh6 Qd8g5
56.Bg7d4 Qg5xh5
57.Bd4xc5 Ka8
58.Kxc1 Qh5xh6
59.Bc5e3 Qh6f6
60.Qf2g3 Qf6c3
61.Kb1 Qc3h8
62.Qg3c7 Qh8e8
63.Nc4d6 { resign }
1-0

[Event "Eq:Los Tercios-BEAC Hungary : "]
[Site "www.chess-mail.com"]
[Date "2015.07.20"]
[Round "1"]
[White "Alejo"]
[Black "Fkarpov"]
[WhiteElo "2110"]
[BlackElo "2060"]
[Result "1-0"]
[Round "1"]
1.e4 c5
2.Ng1f3 g6
3.c3 Bf8g7
4.d4 cxd4
5.cxd4 Qd8a5
6.Bc1d2 Qa5b6
7.Bd2c3 Ng8f6
8.Nb1d2 O-O
9.Nd2c4 Qb6d8
10.Bf1d3 d5
11.Nc4d2 dxe4
12.Nd2xe4 Nf6xe4
13.Bd3xe4 Nb8d7
14.O-O e6
15.Qd1b3 Nd7b6
16.Ra1d1 Qd8e7
17.Bc3b4 Qe7c7
18.Bb4xf8 Bg7xf8
19.Rd1c1 Qc7e7
20.Rc1c2 Qe7b4
21.Qb3xb4 Bf8xb4
22.Rf1c1 f6
23.Rc2c7 Bb4d6
24.Rc7c2 Bd6f4
25.Rc1e1 e5
26.dxe5 Bf4xe5
27.Nf3xe5 fxe5
28.Rc2c5 { resign }
1-0

[Event "Eq:Los Tercios-BEAC Hungary : "]
[Site "www.chess-mail.com"]
[Date "2015.07.20"]
[Round "1"]
[White "Fkarpov"]
[Black "Alejo"]
[WhiteElo "2060"]
[BlackElo "2110"]
[Result "1-0"]
[Round "1"]
1.e4 c5
2.Ng1f3 Nb8c6
3.Nb1c3 g6
4.Bf1b5 Bf8g7
5.Bb5xc6 dxc6
6.h3 Ng8f6
7.d3 O-O
8.Bc1e3 b6
9.Qd1d2 e5
10.Nf3xe5 Nf6xe4
11.Ne5xc6 Ne4xd2
12.Nc6xd8 Nd2f3
13.gxf3 Rf8xd8
14.Kd2 Bc8b7
15.Nc3e4 Bg7xb2
16.Ra1e1 c4
17.Re1b1 Bb2g7
18.Be3g5 Rd8d7
19.Rh1e1 f5
20.Ne4f6 Bg7xf6
21.Bg5xf6 Kf7
22.Bf6b2 Bb7xf3
23.d4 Bf3d5
24.Re1e3 Ra8e8
25.Re3xe8 Kxe8
26.Rb1e1 Kf7
27.Kc3 a5
28.a4 Rd7e7
29.Re1xe7 Kxe7
30.Bb2c1 Kd6
31.Bc1g5 Kc7
32.h4 b5
33.axb5 Kb6
34.Bg5h6 Kxb5
35.Bh6f8 a4
36.f4 Bd5e6
37.Bf8a3  { time }
1-0

[Event "Eq:Los Tercios-BEAC Hungary : "]
[Site "www.chess-mail.com"]
[Date "2015.07.20"]
[Round "1"]
[White "Cardiff"]
[Black "Shihchuliao"]
[WhiteElo "1970"]
[BlackElo "2050"]
[Result "0-1"]
[Round "1"]
1.b3 e5
2.Bc1b2 Nb8c6
3.e3 d5
4.Bf1b5 Bc8d7
5.Ng1e2 Bf8d6
6.O-O Qd8g5
7.f4 Qg5g6
8.Bb5xc6 Bd7xc6
9.fxe5 d4
10.Ne2f4 Qg6e4
11.exd6 g5
12.exd4 Kd7
13.d3 Qe4e3
14.Kh1 gxf4
15.Qd1g4 Kxd6
16.Qg4xf4 Qe3xf4
17.Rf1xf4 f6
18.Nb1d2 Ke6
19.Ra1e1 Kf7
20.c4 h5
21.d5 Bc6d7
22.Re1f1 Rh8h6
23.Nd2e4 Ra8d8
24.h3 Rd8f8
25.Ne4xf6 Ng8xf6
26.Rf4xf6 Rh6xf6
27.Rf1xf6 Ke8
28.Kg1 Rf8xf6
29.Bb2xf6 Bd7f5
30.d4 Bf5b1
31.a3 Bb1a2
32.g4 hxg4
33.hxg4 Ba2xb3
34.Bf6e5 Kd7
35.g5 Bb3xc4
36.g6 Bc4xd5
37.Kf2 b5
38.g7 a5
39.Ke2 c6
40.Ke3 b4
 { time }
0-1

[Event "Eq:Los Tercios-BEAC Hungary : "]
[Site "www.chess-mail.com"]
[Date "2015.07.20"]
[Round "1"]
[White "Churrasca"]
[Black "Odin"]
[WhiteElo "1990"]
[BlackElo "1810"]
[Result "1-0"]
[Round "1"]
1.e4 e5
2.Ng1f3 Nb8c6
3.Bf1b5 Ng8f6
4.O-O Bf8c5
5.Nb1c3 Nc6d4
6.Nf3xd4 Bc5xd4
7.Qd1f3 c6
8.Bb5c4 b5
9.Bc4b3 O-O
10.h3 Bc8b7
11.Nc3e2 c5
12.c3 c4
13.cxd4 cxb3
14.d5 bxa2
15.Ra1xa2 d6
16.d4 h6
17.dxe5 dxe5
18.Rf1d1 Qd8d6
19.Ne2g3 Bb7c8
20.Bc1d2 Bc8d7
21.Rd1a1 a6
22.Qf3a3 Qd6xa3
23.Ra2xa3 Bd7c8
24.Ra3c3 Bc8b7
25.Rc3c7 Ra8a7
26.Bd2e3 Ra7a8
27.Rc7xb7 Rf8b8
28.Rb7xb8 Ra8xb8
29.Ra1xa6 b4
30.Be3xh6 Nf6d7
31.Bh6e3 b3
32.Ra6d6 Nd7f6
33.Rd6b6 Rb8xb6
34.Be3xb6 g6
35.f3 Nf6d7
36.Bb6c7 Nd7c5
37.Bc7xe5 Nc5d7
38.Be5d4 Kf8
39.Ng3e2 Ke7
40.Ne2c1 Nd7f6
41.Nc1xb3 Nf6h5
42.Nb3c5 Nh5f4
43.Kf2 g5
44.b4 Kd6
45.b5 Kc7
46.b6 Kb8
47.Bd4e5 Kc8
48.b7 { resign }
1-0

[Event "Eq:Los Tercios-Equipo Juan Diaz : "]
[Site "www.chess-mail.com"]
[Date "2015.07.20"]
[Round "1"]
[White "Karkaskat"]
[Black "Ecijaajedrez"]
[WhiteElo "2410"]
[BlackElo "2590"]
[Result "0-1"]
[Round "1"]
1.e4 c5
2.Nb1c3 Nb8c6
3.g3 d6
4.d3 Ng8f6
5.Bf1g2 e6
6.f4 Bf8e7
7.Ng1f3 O-O
8.O-O Ra8b8
9.h3 d5
10.e5 Nf6d7
11.d4 Qd8b6
12.Nc3e2 cxd4
13.Ne2xd4 Nd7c5
14.Kh2 Bc8d7
15.Nd4xc6 bxc6
16.b3 Nc5e4
17.Qd1d4 Be7c5
18.Qd4d3 Bc5f2
19.g4 Bf2g3
20.Kh1 Ne4f2
21.Rf1xf2 Bg3xf2
22.Bc1d2 Bf2c5
23.c4 Rf8d8
24.cxd5 cxd5
25.Bd2c3 Bc5b4
26.Bc3d4 Qb6c7
27.Bg2f1 Bd7b5
28.Qd3d1 Bb5xf1
29.Qd1xf1 Qc7c2
30.Qf1f2 Rd8c8
31.Qf2xc2 Rc8xc2
32.a3 Bb4c3
33.Ra1b1 Rc2b2
34.Rb1xb2 Bc3xb2
35.Bd4xb2 Rb8xb3
{ resign }
0-1

[Event "Eq:Los Tercios-Equipo Juan Diaz : "]
[Site "www.chess-mail.com"]
[Date "2015.07.20"]
[Round "1"]
[White "Gorgo"]
[Black "Astigitana"]
[WhiteElo "2290"]
[BlackElo "2460"]
[Result "1-0"]
[Round "1"]
1.d4 d5
2.c4 e6
3.Nb1c3 Bf8e7
4.cxd5 exd5
5.Bc1f4 c6
6.e3 Ng8f6
7.Bf1d3 O-O
8.Qd1c2 Nb8d7
9.Ng1f3 Rf8e8
10.O-O Nd7f8
11.h3 Nf8g6
12.Bf4g3 Be7d6
13.Bg3xd6 Qd8xd6
14.Ra1c1 Qd6e7
15.Rf1d1 Nf6e4
16.Bd3xe4 dxe4
17.Nf3d2 f5
18.Nc3e2 Bc8e6
19.b3 Ra8d8
20.Qc2c3 Be6d5
21.Nd2c4 Rd8d7
22.Rd1d2 Re8d8
23.Rd2c2 Qe7g5
24.Rc1d1 Bd5e6
25.Rc2d2 f4
26.exf4 Ng6xf4
27.Ne2xf4 Qg5xf4
28.Qc3e3 Qf4xe3
29.fxe3 g5
30.Rd2c2 Be6xc4
31.bxc4 Rd8f8
32.Rc2d2 Rf8f5
33.d5 cxd5
34.Rd2xd5 Rf5xd5
35.cxd5 Kf7
{ time. }
1-0

[Event "Eq:Los Tercios-Equipo Juan Diaz : "]
[Site "www.chess-mail.com"]
[Date "2015.07.20"]
[Round "1"]
[White "Desiderio"]
[Black "Etekrik"]
[WhiteElo "2010"]
[BlackElo "2190"]
[Result "0-1"]
[Round "1"]
1.d4 d5
2.Ng1f3 Ng8f6
3.Bc1g5 Nb8d7
4.e3 e6
5.Bf1d3 Bf8e7
6.Nb1d2 O-O
7.Nf3e5 Nd7xe5
8.dxe5 Nf6d7
9.Bg5xe7 Qd8xe7
10.f4 f6
11.Qd1h5 g6
12.Qh5e2 fxe5
13.fxe5 Nd7xe5
14.O-O-O Ne5xd3
15.Qe2xd3 c6
16.Rd1f1 Bc8d7
17.Rf1xf8 Ra8xf8
18.Rh1f1 Rf8xf1
19.Qd3xf1 e5
20.h3 Qe7f7
21.Qf1xf7 Kxf7
22.Kd1 Kf6
23.Ke2 Bd7f5
24.c3 g5
25.g4 Bf5e6
26.a3 h5
27.Kf3 { time. }
0-1

[Event "Eq:Los Tercios-Equipo Juan Diaz : "]
[Site "www.chess-mail.com"]
[Date "2015.07.20"]
[Round "1"]
[White "Etekrik"]
[Black "Desiderio"]
[WhiteElo "2190"]
[BlackElo "2010"]
[Result "1-0"]
[Round "1"]
1.d4 d5
2.c4 e6
3.Nb1c3 Ng8f6
4.cxd5 exd5
5.Bc1g5 Bf8e7
6.e3 Bc8f5
7.Bg5xf6 Be7xf6
8.Qd1b3 b6
9.Qb3xd5 Qd8xd5
10.Nc3xd5 Bf6d8
11.Ra1c1 c6
12.Nd5c3 O-O
13.Ng1f3 Bd8e7
14.Bf1e2 Nb8d7
15.O-O Nd7f6
16.Nf3e5 Ra8c8
17.Be2f3 c5
18.Ne5c6 Be7d6
19.dxc5 Bd6xc5
20.Nc6xa7 Rc8d8
{ time. }
1-0

[Event "Eq:Los Tercios-Equipo Juan Diaz : "]
[Site "www.chess-mail.com"]
[Date "2015.07.20"]
[Round "1"]
[White "Lopez"]
[Black "Naujzaid"]
[WhiteElo "1840"]
[BlackElo "2110"]
[Result "1-0"]
[Round "1"]
1.e4 c5
2.Nb1c3 Nb8c6
3.Ng1f3 d6
4.h3 Ng8f6
5.Bf1c4 e6
6.a3 Bf8e7
7.O-O O-O
8.Rf1e1 a6
9.d3 b5
10.Bc4a2 Bc8b7
11.Bc1f4 Rf8e8
12.Bf4e3 d5
13.e5 Nf6d7
14.Be3f4 b4
15.axb4 cxb4
16.Nc3e2 f6
17.d4 Re8f8
18.Bf4g3 fxe5
19.dxe5 Qd8c7
20.Ne2c1 Rf8f5
21.Nc1d3 g6
22.c4  { time }
1-0

[Event "Eq:Los Tercios-Equipo Juan Diaz : "]
[Site "www.chess-mail.com"]
[Date "2015.07.20"]
[Round "1"]
[White "Naujzaid"]
[Black "Lopez"]
[WhiteElo "2110"]
[BlackElo "1840"]
[Result "0-1"]
[Round "1"]
1.d4 Ng8f6
2.c4 d6
3.Ng1f3 b6
4.Nb1c3 Nb8d7
5.e4 Bc8b7
6.Bf1d3 e6
7.O-O Bf8e7
8.Bc1g5 h6
9.Bg5h4 O-O
10.Qd1e2 Rf8e8
11.e5 dxe5
12.dxe5 Nf6h7
13.Bh4xe7 Qd8xe7
14.Ra1d1 Nd7c5
15.Bd3c2 Nh7g5
16.Nf3xg5 Qe7xg5
17.f4 Qg5e7
18.b4 Nc5d7
19.Qe2d3 Nd7f8
20.Nc3e4 Ra8d8
21.Qd3g3 Nf8h7
22.a3 Rd8xd1
 { time }
0-1

[Event "Eq:Angels of Checkmate-La Taverne : "]
[Site "www.chess-mail.com"]
[Date "2015.07.20"]
[Round "1"]
[White "Haukia"]
[Black "Oxycontin"]
[WhiteElo "2210"]
[BlackElo "2060"]
[Result "1/2-1/2"]
[Round "1"]
1.e4 Ng8f6
2.e5 Nf6d5
3.Nb1c3 c6
4.Nc3xd5 cxd5
5.d4 d6
6.f4 dxe5
7.fxe5 Bc8f5
8.Bf1d3 Bf5xd3
9.Qd1xd3 Nb8c6
10.Ng1f3 e6
11.O-O Bf8e7
12.c3 O-O
13.Bc1d2 f6
14.exf6 Be7xf6
15.Ra1e1 Qd8d7
16.Bd2g5 Ra8e8
17.Bg5xf6 Rf8xf6
18.Nf3g5 Rf6xf1
19.Re1xf1 { draw }
1/2-1/2

[Event "Eq:Angels of Checkmate-La Taverne : "]
[Site "www.chess-mail.com"]
[Date "2015.07.20"]
[Round "1"]
[White "Badplayer"]
[Black "Wildsmokey"]
[WhiteElo "2170"]
[BlackElo "2030"]
[Result "0-1"]
[Round "1"]
1.e4 e5
2.Ng1f3 Ng8f6
3.Nb1c3 Nb8c6
4.Bf1e2 Bf8c5
5.O-O O-O
6.h3 d5
7.exd5 Nf6xd5
8.Nc3xd5 Qd8xd5
9.b3 e4
10.c4 Qd5d6
11.Nf3h2 Nc6d4
12.Bc1b2 Rf8d8
13.Bb2c3 f5
14.Kh1 b6
15.f3 Bc8b7
16.Ra1c1 Qd6g3
17.d3 Bc5d6
18.f4 exd3
19.Rf1f3 Nd4xf3
20.Be2xf3 Bd6xf4
21.Nh2f1 Bb7xf3
22.Qd1xf3 Qg3xf3
23.gxf3 Bf4xc1
{ resign }
0-1

[Event "Eq:Angels of Checkmate-La Taverne : "]
[Site "www.chess-mail.com"]
[Date "2015.07.20"]
[Round "1"]
[White "Wildsmokey"]
[Black "Badplayer"]
[WhiteElo "2030"]
[BlackElo "2170"]
[Result "0-1"]
[Round "1"]
1.e4 c5
2.Ng1f3 d6
3.d4 cxd4
4.Nf3xd4 Ng8f6
5.Nb1c3 a6
6.Bf1e2 e6
7.O-O Bf8e7
8.Qd1d3 O-O
9.Qd3g3 b5
10.Bc1h6 Nf6e8
11.Bh6e3 Bc8b7
12.a3 Nb8c6
13.f4 Be7f6
14.Nd4xc6 Bb7xc6
15.e5 Bf6e7
16.Ra1d1 Qd8c7
17.Be3d4 f6
18.Qg3h3 f5
19.Qh3e3 dxe5
20.Bd4xe5 Qc7b7
21.Be5d4 Bc6xg2
22.Qe3xe6 Kh8
23.Rf1f2 Bg2c6
24.Be2f1 Ra8d8
25.Bf1g2 Bc6xg2
26.Rf2xg2 Rd8xd4
 { time }
0-1

[Event "Eq:CONFOEDERATIONIS HELVETICAE-Los Tercios : "]
[Site "www.chess-mail.com"]
[Date "2015.07.20"]
[Round "1"]
[White "Schwiizer"]
[Black "Karkaskat"]
[WhiteElo "2800"]
[BlackElo "2410"]
[Result "1-0"]
[Round "1"]
1.e4 c5
2.Ng1f3 d6
3.d4 cxd4
4.Nf3xd4 Ng8f6
5.Nb1c3 g6
6.Bc1e3 Bf8g7
7.f3 O-O
8.Qd1d2 Nb8c6
9.Bf1c4 Bc8d7
10.O-O-O Ra8c8
11.Bc4b3 Nc6xd4
12.Be3xd4 b5
13.a3 a5
14.Rh1e1 b4
15.axb4 axb4
16.Nc3a2 Qd8a5
17.Qd2xb4 Qa5xb4
18.Na2xb4 Bd7b5
19.e5 dxe5
20.Re1xe5 Bb5c4
21.Bb3xc4 Rc8xc4
22.c3 e6
23.Re5c5 Rc4xc5
24.Bd4xc5 Rf8c8
25.Bc5d4 Kf8
26.Kc2 Nf6e8
27.Bd4f2 Ke7
28.Rd1a1 Bg7e5
29.Nb4d3 Be5d6
30.h3 Ne8f6
31.Bf2h4 e5
32.Ra1a6 Rc8d8
33.Nd3c5 { resign }
1-0

[Event "Eq:CONFOEDERATIONIS HELVETICAE-Los Tercios : "]
[Site "www.chess-mail.com"]
[Date "2015.07.20"]
[Round "1"]
[White "Gallows"]
[Black "Desiderio"]
[WhiteElo "2460"]
[BlackElo "2010"]
[Result "1-0"]
[Round "1"]
1.d4 d5
2.c4 e6
3.Nb1c3 Ng8f6
4.Ng1f3 c6
5.Bc1g5 Bf8e7
6.Bg5xf6 Be7xf6
7.e3 Nb8d7
8.Qd1c2 g6
9.h4 e5
10.cxd5 exd4
11.Qc2e4 Qd8e7
12.Qe4xe7 Bf6xe7
13.Nf3xd4 Nd7b8
14.Ra1c1 O-O
15.h5 Be7f6
16.Rc1d1 Bc8g4
17.f3 Bg4d7
18.Bf1c4 c5
19.Nc3e4 Bf6xd4
20.exd4 cxd4
21.Rd1xd4 Rf8e8
22.Kf2 a6
23.Ne4f6 Kg7
24.Rd4f4 b5
25.hxg6 bxc4
26.Nf6xe8 Bd7xe8
27.gxh7 Kh8
28.Rf4g4 { resign }
1-0

[Event "Eq:CONFOEDERATIONIS HELVETICAE-Los Tercios : "]
[Site "www.chess-mail.com"]
[Date "2015.07.20"]
[Round "1"]
[White "Desiderio"]
[Black "Gallows"]
[WhiteElo "2010"]
[BlackElo "2460"]
[Result "0-1"]
[Round "1"]
1.d4 Ng8f6
2.Ng1f3 d6
3.c4 g6
4.Nb1c3 Bf8g7
5.e4 Bc8g4
6.Bf1e2 Bg4xf3
7.Be2xf3 c6
8.O-O Nb8d7
9.Bc1e3 h5
10.Rf1e1 Qd8a5
11.Be3d2 Nf6h7
12.Nc3d5 Qa5d8
13.Nd5c3 Bg7xd4
14.Qd1c2 Bd4e5
15.Ra1d1 g5
16.g3 g4
17.Bf3h1 h4
18.Nc3e2 Nh7f8
19.Bd2f4 Nf8e6
20.Bf4xe5 Nd7xe5
21.Ne2d4 Ne6xd4
22.Qc2c3 Nd4f3
23.Bh1xf3 Ne5xf3
24.Kg2 Nf3xe1
25.Rd1xe1 f6
26.b4 a5
27.b5 cxb5
28.cxb5 Ra8c8
29.Qc3d3 Rc8c5
30.a4 hxg3
31.fxg3 Qd8c8
32.Re1e2 Rc5h5
{ resign }
0-1

[Event "Eq:Slap Shot Mates-The League Of Gentlemen : "]
[Site "www.chess-mail.com"]
[Date "2015.07.20"]
[Round "1"]
[White "Ztornad"]
[Black "Sebolix"]
[WhiteElo "1750"]
[BlackElo "2670"]
[Result "0-1"]
[Round "1"]
1.e4 e6
2.c4 d5
3.Ng1h3 dxe4
4.c5 Bf8xc5
5.Qd1g4 Ng8f6
6.Nh3f4 Nf6xg4
7.Nf4h3 Qd8f6
8.Bf1b5 c6
9.Bb5f1 Bc5xf2
10.Kd1 Bf2b6
11.Bf1e2 Ng4f2
12.Nh3xf2 Qf6xf2
13.Rh1f1 Qf2xg2
14.h4 Nb8d7
15.b3 O-O
16.Bc1a3 Bb6c5
17.Ba3xc5 Nd7xc5
18.Nb1c3 e5
19.Rf1e1 Bc8f5
20.Be2f1 Qg2f3
21.Bf1e2 Qf3g3
22.h5 Ra8d8
23.Kc2 e3
24.d3 Nc5xd3
25.Be2xd3 Bf5xd3
26.Kb2 Qg3f2
27.Ka3 Qf2d2
28.Re1c1 a5
29.Nc3a4 Qd2b4
30.Kb2 Bd3f5
31.Rc1d1 e2
32.Rd1e1 Rd8d2
33.Kc1 Rd2c2
34.Kb1 Qb4xe1

0-1

[Event "Eq:Slap Shot Mates-The League Of Gentlemen : "]
[Site "www.chess-mail.com"]
[Date "2015.07.20"]
[Round "1"]
[White "Bluetealeaf"]
[Black "Jpmartinez"]
[WhiteElo "1720"]
[BlackElo "2560"]
[Result "0-1"]
[Round "1"]
1.e4 e6
2.Bf1d3 d5
3.Nb1c3 Ng8f6
4.f3 c5
5.e5 Nf6d7
6.Qd1e2 c4
7.Bd3xc4 dxc4
8.Qe2xc4 Nd7xe5
9.Qc4e4 Nb8c6
10.Ng1h3 Qd8d4
11.Qe4xd4 Nc6xd4
12.O-O Nd4xc2
13.Ra1b1 Bf8c5
14.Kh1 O-O
15.f4 Ne5c6
16.Nc3b5 e5
17.Nb5c7 Ra8b8
18.fxe5 Bc8xh3
19.gxh3 Nc6xe5
20.b3 Ne5d3
21.a4 Nc2d4
22.Bc1b2 Nd3xb2
23.Rb1xb2 a6
24.b4 Bc5d6
25.Nc7d5 Rf8e8
26.d3 Rb8d8
27.Rb2f2 f6
28.Rf1g1 Kf7
29.Rg1g5 Re8e1
30.Kg2 Rd8e8
31.Nd5c3 Bd6xb4
32.Nc3e4 Re1e2
33.h4 Re2xf2
34.Ne4xf2 fxg5
35.hxg5 Re8e2
36.Kf1 b5
37.axb5 axb5
38.h4 Bb4d6
39.Nf2e4 Re2xe4
40.dxe4 b4
{ resign }
0-1